| 000 | 00459cam a22001337a 4500 | ||
|---|---|---|---|
| 008 | 180718b1946 xxu||||| |||| 00| 0 eng d | ||
| 082 | _aR6:T214x54 In2 | ||
| 245 |
_aReport on labour conditions in the chemical industry _cby Labour Investigation Committee |
||
| 260 |
_aDelhi _bThe Manager of Publications _c1946 |
||
| 300 | _a72p. | ||
| 650 | _aWork environment - India | ||
| 650 | _aChemical industry - India | ||
| 700 | _aIndia. Labour Investigation Committee | ||
| 999 |
_c485003 _d485003 |
||